000 00634nam a2200181Ia 4500
008 090124s9999 xx 000 0 und d
082 _b35841
100 _aरामदासी मारुतीबुवा
245 _a स्वरुप संप्रदाय
250 _a1
260 _bश्रीधर कुटी
_c1998
300 _a78
600 _aरामदासी मारुतीबुवा
630 _a स्वरुप संप्रदाय
700 _aरामदासी मारुतीबुवा
730 _a स्वरुप संप्रदाय
942 _cBOOK
999 _c101788
_d101788